000 01674nam a2200421 i 4500
001 25701
003 KOSZ 005
005 20200708110658.0
008 200708s1973 pl a f f 001 0 pol
015 _aPB 1974/983
035 _a(OCoLC)830703993
040 _aWA N
_cWA N
_dKOSZ 005/EC
_dKOSZ 005/RW
046 _k1963
080 _a621.31
100 1 _aWołkowiński, Konstanty
_eAutor
245 1 0 _aInstalacje elektroenergetyczne :
_bzagadnienia wybrane /
_cKonstanty Wołkowiński.
250 _aWydanie 5 nie zmienione.
260 _aWarszawa :
_bWydawnictwa Naukowo-Techniczne,
_c1973.
300 _a497, [2] stron :
_bilustracje, wykresy ;
_c24 cm..
336 _aTekst
_btxt
_2rdacontent
337 _aBez urządzenia pośredniczącego
_bn
_2rdamedia
338 _aWolumin
_bnc
_2rdacarrier
380 _aKsiążki
380 _aPublikacje fachowe
380 _aPublikacje dydaktyczne
388 _a1901-2000
388 _a1945-1989
500 _aDruk z klisz.
504 _aBibliografia na stronach 483-[493]. Indeks.
521 8 _aPodręcznik jest przeznaczony dla studentów wydziałów elektrycznych wyższych szkół technicznych oraz dla techników i inżynierów zajmujących się instalacjami elektroenergetycznymi; korzystać z niego mogą również uczniowie techników elektroenergetycznych.
650 7 _aElektroenergetyka
650 7 _aUrządzenia
655 7 _aPodręcznik
658 _aInżynieria i technika
710 2 _aWydawnictwa Naukowo-Techniczne
_4pbl
856 _uhttp://koha.tu.koszalin.pl/cgi-bin/koha/opac-detail.pl?biblionumber=25701
_yKatalog online BPK
942 _2UKD
_cKS
999 _c25701
_d25701